Statystyki dla Rozpoznaj język na mapie świata

Kliknij tutaj aby rozwiązać quiz!

Ogólne statystyki

  • Ten quiz został rozwiązany 13 721 razy
  • Średni wynik to 8 z 18

Odpowiedzi na mapie

Odpowiedzi skodowane kolorowo w zielono-czerwonej skali na mapie do tego quizu, zgodnie z poniższymi procentami.
 

Statystyki odpowiedzi

Odpowiedź% Poprawnych
Wczoraj poszedł do swojej pracy, aby zbudować czerwony samochód.
84%
Yesterday, he went to his job to build a red car.
82%
Gestern ging er zu seiner Arbeit, um ein rotes Auto zu bauen.
65%
Vchera on poshel na rabotu, chtoby postroit' krasnuyu mashinu.
61%
Al-bariha dhahaba 'iilaa wazifatih libina'i sayaaratin hamraa'a.
57%
Ieri è andato al suo lavoro per costruire una macchina rossa.
57%
Ayer fue a su trabajo para construir un auto rojo.
49%
Hier, il est allé à son travail pour construire une voiture rouge.
49%
Kinō kare wa akai kuruma o tsukuru tame ni shigoto ni ikimashita.
47%
Dün kırmızı bir araba yapmak için işine gitti.
46%
Zuótiān tā qù shàngbān qù zào yī liàng hóngsè de qìchē.
42%
Gisteren ging hij naar zijn werk om een rode auto te bouwen.
40%
Í gær fór hann í vinnuna sína að smíða rauðan bíl.
37%
Eilen hän meni työpaikalleen rakentamaan punaista autoa.
34%
I nehinei ua hele ʻo ia i kāna hana e hana i kaʻa ʻulaʻula.
26%
Eoje geuneun ppalgan chaleul mandeulgi wihae jigjang-e gassda.
24%
Jana alienda kazini kwake kujenga gari jekundu.
22%
Kal voh laal rang ki gaadi banaane apne kaam par gaya tha.
19%

Rozkład punktacji

Percentyl według liczby udzielonych odpowiedzi

Procent ludzi z każdym wynikiem

Twoja historia wyników

Nie rozwiązałeś tego quizu